00361nam a2200121Ia 4500008004100000041000800041082001500049100001600064245007900080260002500159300001900184520003600203240719s9999 xx 000 0 und d aeng a909.82 ZAH aZahra, Tara aAgainst The World: Anti Globalism And Mass Politics Between The World Wars aLondonbNortonc2023 a352;. P. 22 cm aFaculty Purchase by Dr. Shyam S